00559 2200193 4500001002100000005001500021035002000036245008400056100002100140250000900161300002300170260004000193082001100233084001700244020002200261650002700283008004100310990001400351INLIS00000000000203920260423110340 a0010-04260000381 aPembangunan Pertanian :bMembangun Ideologi Pangan Nasional /cTriwibowo Yuwono0 aTriwibowo Yuwono aEd I a102 hlm. ;c23 cm. aYogyakarta :bLily Publisher,c2019 a338.19 a338.19 TRI p a978-623-7267-18-8 4aAgricultural Economics260423 0 ind  a202500634